
Library Catalogue

| 000 -LEADER | |
|---|---|
| fixed length control field | 01138cam a22003134a 4500 |
| 001 - CONTROL NUMBER | |
| control field | 13302305 |
| 005 - DATE AND TIME OF LATEST TRANSACTION | |
| control field | 20250818191217.0 |
| 008 - FIXED-LENGTH DATA ELEMENTS--GENERAL INFORMATION | |
| fixed length control field | 030806s2003 nyub 000 0aeng |
| 010 ## - LIBRARY OF CONGRESS CONTROL NUMBER | |
| LC control number | 2003058924 |
| 020 ## - INTERNATIONAL STANDARD BOOK NUMBER | |
| International Standard Book Number | 1400041341 (clothback) |
| 040 ## - CATALOGING SOURCE | |
| Original cataloging agency | DLC |
| Transcribing agency | DLC |
| Modifying agency | DLC |
| 041 1# - LANGUAGE CODE | |
| Language code of text/sound track or separate title | eng |
| Language code of original | spa |
| 042 ## - AUTHENTICATION CODE | |
| Authentication code | pcc |
| 050 00 - LIBRARY OF CONGRESS CALL NUMBER | |
| Classification number | PQ8180.17.A73 |
| Item number | Z47813 2003 |
| 082 00 - DEWEY DECIMAL CLASSIFICATION NUMBER | |
| Classification number | 863 |
| -- | B |
| Edition number | 22 |
| 100 1# - MAIN ENTRY--PERSONAL NAME | |
| Personal name | García Márquez, Gabriel, |
| Dates associated with a name | 1927-2014. |
| 240 10 - UNIFORM TITLE | |
| Uniform title | Vivir para contarla. |
| Language of a work | English |
| 245 10 - TITLE STATEMENT | |
| Title | Living to tell the tale / |
| Statement of responsibility, etc. | Gabriel García Márquez ; translated by Edith Grossman. |
| 250 ## - EDITION STATEMENT | |
| Edition statement | 1st Edition |
| 260 ## - PUBLICATION, DISTRIBUTION, ETC. | |
| Place of publication, distribution, etc. | New York : |
| Name of publisher, distributor, etc. | A.A. Knopf, |
| Date of publication, distribution, etc. | 2003. |
| 300 ## - PHYSICAL DESCRIPTION | |
| Extent | 483 p. : |
| Other physical details | maps ; |
| Dimensions | 25 cm. |
| 365 ## - TRADE PRICE | |
| Price amount | Rs. 695.00 |
| 600 10 - SUBJECT ADDED ENTRY--PERSONAL NAME | |
| Personal name | García Márquez, Gabriel, |
| Dates associated with a name | 1927-2014 |
| General subdivision | Childhood and youth. |
| 650 #0 - SUBJECT ADDED ENTRY--TOPICAL TERM | |
| Topical term or geographic name entry element | Authors, Colombian |
| Chronological subdivision | 20th century |
| Form subdivision | Biography. |
| 700 1# - ADDED ENTRY--PERSONAL NAME | |
| Personal name | Grossman, Edith, |
| Dates associated with a name | 1936-2023. |
| 856 42 - ELECTRONIC LOCATION AND ACCESS | |
| Materials specified | Contributor biographical information |
| Uniform Resource Identifier | <a href="http://www.loc.gov/catdir/bios/random055/2003058924.html">http://www.loc.gov/catdir/bios/random055/2003058924.html</a> |
| 856 42 - ELECTRONIC LOCATION AND ACCESS | |
| Materials specified | Publisher description |
| Uniform Resource Identifier | <a href="http://www.loc.gov/catdir/description/random0414/2003058924.html">http://www.loc.gov/catdir/description/random0414/2003058924.html</a> |
| 942 ## - ADDED ENTRY ELEMENTS (KOHA) | |
| Source of classification or shelving scheme | Dewey Decimal Classification |
| Koha item type | BOOKs |
| Withdrawn status | Lost status | Source of classification or shelving scheme | Materials specified (bound volume or other part) | Damaged status | Not for loan | Home library | Current library | Shelving location | Date acquired | Cost, normal purchase price | Total Checkouts | Full call number | Barcode | Date last seen | Date last checked out | Price effective from | Koha item type |
|---|---|---|---|---|---|---|---|---|---|---|---|---|---|---|---|---|---|
| Dewey Decimal Classification | HB | . | . | Library Compactors | 24.06.2024 | 695.00 | 1 | 863 MAR | 19196 | 18.08.2025 | 10.08.2025 | 24.06.2024 | BOOKs |